000 00701nam a2200229 a 4500
001 51041
003 BD-RjUL
005 20211209075612.0
008 160829s1955 nyua 001 0 eng
035 _a(BD-RjUL)51161
040 _aDLC
_cDLC
_dDLC
_dBD-RjUL
_beng
041 _aeng
082 0 0 _223
_a514
_bHAE 1955
100 1 _aHall, Dick Wick.
_9152709
245 1 0 _aElementary topology /
_cDick Wick Hall and Guilford L. Spencer II.
260 _aNew York :
_bJohn Wiley & Sons,
_cc1955 [printing 1960].
300 _axii, 303 p. :
_bill. ;
_c24 cm.
500 _aIncludes index.
650 0 _aTopology.
_9152710
700 1 _aSpencer, Guilford Lawson,
_ejoint author.
_9152711
942 _2ddc
_cBK
999 _c51041
_d51041